| 000 | 01143nam a2200301 a 4500 | ||
|---|---|---|---|
| 001 | 000113985 | ||
| 003 | CHAP | ||
| 005 | 20220329144422.0 | ||
| 008 | 171016s2017 mx sm |||||||spa d | ||
| 010 | _a110446 | ||
| 011 | _a111418 | ||
| 040 | _cCHAP | ||
| 090 | _aTesis | ||
| 100 | 1 |
_aRamírez Valadez, María Gabriela _9133798 |
|
| 245 | 1 | 0 |
_aIdentificaión y control biológico del complejo de hongos causantes de la secadera de la fresa en Jacona, Michoacán, 2016 _h[En línea] _cMaría Gabriela Rmírez Valadez. |
| 260 |
_aChapingo, Méx. : _bEl autor, _c2017. |
||
| 500 | _aPara ver el contenido del material haga clic en la liga | ||
| 502 | _aTesis (M. C. en Protección Vegetal) -- UACH. Departamento de Parasitología Agrícola | ||
| 590 |
_aE6337LMJ _b05 _c20171016 _lUCH01 _h1444 |
||
| 590 |
_aE6337LMJ _b05 _c20171016 _lUCH01 _h1445 |
||
| 650 | 1 | 4 |
_aFresa _xEnfermedades por hongos. _943203 |
| 650 | 1 | 4 |
_aHongos fitopatógenos _xIdentificación. _9131720 |
| 650 | 1 | 4 |
_aSanidad vegetal. _9102224 |
| 856 |
_aFinding aid _uhttp://10.13.5.2/tesis/sist113985.pdf _zTeclea aquí |
||
| 901 | _aBK | ||
| 942 | _cTESIS | ||
| 942 | _n0 | ||
| 999 |
_c110446 _d110446 |
||